Films en une image #4 - Statistiques

Statistiques générales
  • Ce quiz a été pris 4 585 fois
  • Le résultat moyen est 4 sur 16
Statistiques - réponses
Par images Réponse % Correct
Pirates des Caraïbes
67%
Seul sur Mars
52%
Le Seigneur des Anneaux
46%
Orange Mécanique
46%
Indiana Jones
37%
Le Cinquième Element
37%
Edward aux Mains d'Argent
35%
Le Mans 66
34%
Premier Contact
29%
Le Parrain
23%
Rencontre du TroisièmeType
9%
Sueurs Froides
8%
12 Years a Slave
7%
Apocalypse Now
7%
L'Impasse
4%
Timbuktu
0%
Aucun quiz correspondant
Distribution des résultats
% des personnes avec chaque résultat
Percentile par nombre de réponses
Votre historique - résultats
Vous n’avez pas pris ce quiz